| 000 | 00879nam a2200193 a 4500 | ||
|---|---|---|---|
| 008 | 130404s2005 ||||||||||||||||| || u | ||
| 020 | _a0618381619 | ||
| 050 | _aHF 5635 Mac | ||
| 100 | _aBille, Patricia A | ||
| 245 | 1 | 0 |
_aCollege Accounting: chapters. (8th ed.) _cby Douglas J. McQuaig and Patricia A. Bille |
| 250 | _a8th ed. | ||
| 260 |
_aBoston: _bHoughton Mifflin Company _c2005 |
||
| 300 | _a2 volumes: ill. | ||
| 500 | _aVol 1: chapter 1-26 Vol 2: chapter 1-9 | ||
| 650 | 0 | _aACCOUNTING--HANDBOOKS, MANUALS, ETC | |
| 700 | _aMcQuaig, Douglas J | ||
| 995 |
_aMAIN LIBRARY OPEN ACCESS _e743646 _FCBU-MAIN LIBRARY (Kitwe) _jHF 5635 Mac _M2 _UAVAILABLE _WJun 19, 2013 _y743646 _ZMain Library Open Access Collection |
||
| 995 |
_aMAIN LIBRARY OPEN ACCESS _e743636 _FCBU-MAIN LIBRARY (Kitwe) _jHF 5635 Mac _M1 _UAVAILABLE _WMay 22, 2013 _y743636 _ZMain Library Open Access Collection |
||
| 999 |
_c79447 _d79447 |
||